[Event "DSM WK M 2011"]
[Site "Karlsruhe GER"]
[Date "2011.05.13"]
[Round "3"]
[White "Bäcker, Deborah"]
[Black "Müller, Svenja"]
[Result "1-0"]
[Termination "normal"]
[Board "6.3"]
[WhiteElo "800"]
[BlackElo "800"]
[WhiteTeam "St. Ursula-Gymnasium Freiburg"]
[BlackTeam "Gymnasium Neuenbürg"]
[PlyCount "116"]
[EventCountry "GER"]
[EventRounds "7"]
[EventType "team-swiss"]
[EventDate "2011.05.12"]

1. e4 e5 2. Nf3 Nc6 3. Bc4 Bc5 4. d3 Bb4+ 5. Nfd2 Qf6 6. Qf3 Nh6 7. Qxf6 gxf6
8. O-O d6 9. Nc3 Na5 10. Bb5+ Bd7 11. Bxd7+ Kxd7 12. Nd5 Bc5 13. Nb3 Nxb3 14.
axb3 c6 15. Nxf6+ Ke6 16. Bxh6 Kxf6 17. h3 Bd4 18. Rab1 Rhg8 19. Rfe1 Kg6 20.
Be3 Bxe3 21. Rxe3 d5 22. exd5 cxd5 23. Rxe5 f6 24. Rxd5 Rge8 25. Rd7 b6 26. b4
Re5 27. d4 Re2 28. c3 a5 29. Kf1 Ree8 30. Rb7 axb4 31. cxb4 Ra6 32. d5 Rd8 33.
Rd1 Rd6 34. b5 Ra5 35. Rc7 Rxb5 36. Rc6 Rdxd5 37. Rxd5 Rxd5 38. Rxb6 Rd1+ 39.
Ke2 Rd5 40. b4 Rg5 41. Kf3 Rf5+ 42. Ke4 Rxf2 43. g4 Re2+ 44. Kf3 Rh2 45. Kg3
Rd2 46. b5 Kg5 47. h4+ Kg6 48. g5 h5 49. Rxf6+ Kg7 50. b6 Rd3+ 51. Rf3 Rd6 52.
Rb3 Kg6 53. b7 Rd8 54. b8=Q Rxb8 55. Rxb8 Kf5 56. Kf3 Ke5 57. Rh8 Kd4 58. Rf8
Ke5 1-0

[Event "DSM WK M 2011"]
[Site "Karlsruhe GER"]
[Date "2011.05.13"]
[Round "3"]
[White "Nee, Maria Elisabeth"]
[Black "Hillmer, Nicole"]
[Result "0-1"]
[Termination "normal"]
[Board "7.1"]
[WhiteElo "800"]
[BlackElo "1204"]
[WhiteTeam "Mariengymnasium Papenburg"]
[BlackTeam "Gymnasium Neureut"]
[PlyCount "76"]
[EventCountry "GER"]
[EventRounds "7"]
[EventType "team-swiss"]
[EventDate "2011.05.12"]

1. e4 e5 2. Nf3 Nc6 3. Bc4 Bc5 4. d3 h6 5. Nc3 Nf6 6. Be3 Bb6 7. O-O d6 8. h3
Be6 9. Nd5 O-O 10. c3 Na5 11. b4 Nxc4 12. dxc4 Bxe3 13. fxe3 Nxe4 14. Qd3 Ng3
15. Rfe1 c6 16. e4 cxd5 17. cxd5 Bd7 18. Nxe5 dxe5 19. Qxg3 Qg5 20. Qxg5 hxg5
21. Rab1 Rac8 22. Rb3 Ba4 23. Ra3 Bc2 24. Re3 Rc4 25. Re2 Bxe4 26. d6 a6 27. d7
Rd8 28. Rd2 Bc6 29. Ra5 Rxd7 30. Rxd7 Bxd7 31. Rxe5 f6 32. Re7 Bc6 33. Rc7 Rxc3
34. a4 Rb3 35. b5 axb5 36. axb5 Rxb5 37. Kf2 Rb2+ 38. Kg3 Rxg2# 0-1

[Event "DSM WK M 2011"]
[Site "Karlsruhe GER"]
[Date "2011.05.13"]
[Round "3"]
[White "Schweiger, Yasmin"]
[Black "Kroupa, Andriana"]
[Result "1-0"]
[Termination "normal"]
[Board "7.2"]
[WhiteElo "1063"]
[BlackElo "800"]
[WhiteTeam "Gymnasium Neureut"]
[BlackTeam "Mariengymnasium Papenburg"]
[PlyCount "94"]
[EventCountry "GER"]
[EventRounds "7"]
[EventType "team-swiss"]
[EventDate "2011.05.12"]

1. d4 d5 2. c4 c6 3. Nc3 dxc4 4. Bf4 b5 5. a3 Nf6 6. Nf3 Bg4 7. e3 a5 8. Be2
Nd5 9. O-O Nxf4 10. exf4 g6 11. Qd2 Bh6 12. h3 Bxf3 13. Bxf3 Qd6 14. Ne2 O-O
15. Rfd1 Nd7 16. Rac1 Nb6 17. g3 f6 18. h4 Nd5 19. Bxd5+ cxd5 20. Qe3 Rfe8 21.
Qf3 e5 22. dxe5 fxe5 23. Qxd5+ Qe6 24. Qxb5 exf4 25. Nxf4 Bxf4 26. gxf4 Qe2 27.
Qd5+ Re6 28. Qxa8+ Kg7 29. Qxa5 Qg4+ 30. Kf1 Qh3+ 31. Kg1 Qg4+ 32. Kh1 Qxh4+
33. Kg1 Qg4+ 34. Kf1 Qh4 35. Qc3+ Kh6 36. Qg3 Qh1+ 37. Qg1 Qh3+ 38. Qg2 Qd3+
39. Rxd3 cxd3 40. Qh3+ Kg7 41. Qxe6 d2 42. Qd7+ Kh6 43. Qxd2 g5 44. f5 Kg7 45.
Qd7+ Kf6 46. Rc6+ Ke5 47. Qe6+ Kf4 1-0

[Event "DSM WK M 2011"]
[Site "Karlsruhe GER"]
[Date "2011.05.13"]
[Round "3"]
[White "Nintemann, Sabrina"]
[Black "Richter, Charlotte"]
[Result "0-1"]
[Termination "normal"]
[Board "7.3"]
[WhiteElo "800"]
[BlackElo "800"]
[WhiteTeam "Mariengymnasium Papenburg"]
[BlackTeam "Gymnasium Neureut"]
[PlyCount "74"]
[EventCountry "GER"]
[EventRounds "7"]
[EventType "team-swiss"]
[EventDate "2011.05.12"]

1. e4 e5 2. Nf3 Nc6 3. Nc3 Nf6 4. Bc4 Bc5 5. d3 h6 6. Nd5 O-O 7. O-O d6 8. Be3
Bg4 9. Bxc5 dxc5 10. h3 Bh5 11. Qe1 Bxf3 12. gxf3 Nxd5 13. Bxd5 Nd4 14. Rc1
Nxf3+ 15. Kh1 Nxe1 16. Rcxe1 c6 17. Bc4 b5 18. Bb3 a5 19. a3 Qh4 20. Kh2 Rad8
21. Rd1 Rd6 22. Rg1 Qxf2+ 23. Rg2 Qf4+ 24. Kg1 Rg6 25. Rxg6 Kh7 26. Rg4 Qe3+
27. Kg2 Qe2+ 28. Kg3 Qxd1 29. Kh4 f5 30. Rg2 Qf3 31. Rg1 g6 32. Rg3 Qf4+ 33.
Rg4 fxg4 34. hxg4 h5 35. Kh3 Qxg4+ 36. Kh2 Rf2+ 37. Kh1 Qg2# 0-1

[Event "DSM WK M 2011"]
[Site "Karlsruhe GER"]
[Date "2011.05.13"]
[Round "3"]
[White "Fotler, Diana"]
[Black "Schulte, Katharina"]
[Result "1/2-1/2"]
[Termination "normal"]
[Board "7.4"]
[WhiteElo "800"]
[BlackElo "800"]
[WhiteTeam "Gymnasium Neureut"]
[BlackTeam "Mariengymnasium Papenburg"]
[PlyCount "78"]
[EventCountry "GER"]
[EventRounds "7"]
[EventType "team-swiss"]
[EventDate "2011.05.12"]

1. e4 e5 2. Nf3 Nc6 3. Nc3 Nf6 4. Bc4 Bc5 5. d3 h6 6. O-O d6 7. Be3 Bg4 8. h3
Bh5 9. a3 Bb6 10. Qe2 O-O 11. Rad1 Qe7 12. Nd5 Nxd5 13. Bxd5 Bxe3 14. Qxe3 a6
15. Rd2 Rab8 16. d4 Bxf3 17. Bxc6 bxc6 18. Qxf3 Rxb2 19. Rc1 c5 20. d5 Qg5 21.
Rdd1 Qf4 22. Qxf4 exf4 23. Rd3 c4 24. Rf3 f5 25. Rxf4 fxe4 26. Rxe4 Ra2 27. Re3
Rf5 28. Rc3 Rxd5 29. Rxc4 c5 30. a4 Rd4 31. Rxd4 cxd4 32. Kf1 Rxa4 33. g4 Rc4
34. Rd1 Rxc2 35. Rxd4 Rc1+ 36. Kg2 Ra1 37. Rxd6 a5 38. Ra6 a4 39. f4 Kf7
1/2-1/2

[Event "DSM WK M 2011"]
[Site "Karlsruhe GER"]
[Date "2011.05.13"]
[Round "3"]
[White "Wang, Yanru"]
[Black "Wiesner, Paula"]
[Result "0-1"]
[Termination "normal"]
[Board "8.1"]
[WhiteElo "1180"]
[BlackElo "1642"]
[WhiteTeam "Gymnasium Carolinum Osnabrück"]
[BlackTeam "Goethe-Gymnasium Karlsruhe"]
[PlyCount "46"]
[WhiteFideId "12929328"]
[BlackFideId "24654019"]
[EventCountry "GER"]
[EventRounds "7"]
[EventType "team-swiss"]
[EventDate "2011.05.12"]

1. f4 d5 2. Nf3 e6 3. b3 c5 4. Bb2 Nf6 5. e3 Nc6 6. Be2 Be7 7. O-O O-O 8. Nc3
b6 9. d4 Bb7 10. a3 Ne4 11. Qd3 cxd4 12. exd4 Nd6 13. Ne5 Nf5 14. Nxc6 Bxc6 15.
Bg4 Nxd4 16. Kh1 Bf6 17. a4 Bb7 18. Nd1 Nc6 19. c3 a5 20. Rf2 Ba6 21. Qh3 d4
22. Bxe6 Qe7 23. Bf5 Qe1+ 0-1

[Event "DSM WK M 2011"]
[Site "Karlsruhe GER"]
[Date "2011.05.13"]
[Round "3"]
[White "Ketterer, Beatrice"]
[Black "Tworek, Kristina"]
[Result "0-1"]
[Termination "normal"]
[Board "8.2"]
[WhiteElo "781"]
[BlackElo "800"]
[WhiteTeam "Goethe-Gymnasium Karlsruhe"]
[BlackTeam "Gymnasium Carolinum Osnabrück"]
[PlyCount "96"]
[WhiteFideId "12983411"]
[EventCountry "GER"]
[EventRounds "7"]
[EventType "team-swiss"]
[EventDate "2011.05.12"]

1. e4 e5 2. Nf3 Nc6 3. Nc3 Nf6 4. Bb5 d6 5. O-O a6 6. Bxc6+ bxc6 7. d4 Bg4 8.
dxe5 dxe5 9. Qxd8+ Rxd8 10. Nxe5 c5 11. Bg5 Be6 12. Rad1 Rxd1 13. Rxd1 Bd6 14.
Nc6 h6 15. Bxf6 gxf6 16. a4 Bd7 17. Na5 f5 18. Nc4 Bf4 19. g3 Rg8 20. exf5 Bxf5
21. Rd5 Bxc2 22. Rxc5 f6 23. Rc6 Kf7 24. Rxa6 Bd3 25. Rc6 Bf5 26. a5 Bc1 27. a6
Ra8 28. Nb5 Be4 29. Rxc7+ Ke6 30. a7 Rd8 31. h4 f5 32. Rh7 f4 33. gxf4 Bxf4 34.
Kf1 Bxh7 35. Nb6 Be4 36. Nc3 Bb7 37. Nb5 Be5 38. b4 Kf5 39. Ke1 Kg4 40. Ke2
Kxh4 41. Ke3 Kg4 42. f3+ Bxf3 43. Kf2 h5 44. Ke3 h4 45. Kf2 h3 46. Ke3 h2 47.
Kf2 h1=Q 48. Ke3 Qg1# 0-1

[Event "DSM WK M 2011"]
[Site "Karlsruhe GER"]
[Date "2011.05.13"]
[Round "3"]
[White "Samohvalov, Annika"]
[Black "Henke, Hanna"]
[Result "1-0"]
[Termination "normal"]
[Board "8.3"]
[WhiteElo "800"]
[BlackElo "800"]
[WhiteTeam "Gymnasium Carolinum Osnabrück"]
[BlackTeam "Goethe-Gymnasium Karlsruhe"]
[PlyCount "123"]
[BlackFideId "12964441"]
[EventCountry "GER"]
[EventRounds "7"]
[EventType "team-swiss"]
[EventDate "2011.05.12"]

1. e4 e5 2. Qf3 Nf6 3. Nc3 Bb4 4. Bb5 Nc6 5. d3 d6 6. Bg5 O-O 7. Nge2 Be6 8. a3
Bxc3+ 9. bxc3 Qc8 10. O-O Bg4 11. Qe3 d5 12. h3 Bxe2 13. Qxe2 d4 14. cxd4 exd4
15. Qd2 Ne5 16. c3 a6 17. Ba4 b5 18. Bd1 dxc3 19. Qxc3 Re8 20. Qc6 Nfd7 21. d4
Nc4 22. Bg4 Nd2 23. Bxd2 Nb8 24. Qxa8 Qd8 25. Qa7 Rxe4 26. Be3 h6 27. f3 Re7
28. Bf4 Nc6 29. Qc5 Nb8 30. Rfe1 Rxe1+ 31. Rxe1 Nd7 32. Bxd7 Qxd7 33. Re7 Qd8
34. Bxc7 Qc8 35. Qe5 f6 36. Qd6 a5 37. Bxa5 Qf8 38. Qe6+ Kh7 39. Qf7 Qxf7 40.
Rxf7 Kg6 41. Rd7 Kf5 42. d5 Ke5 43. d6 Ke6 44. Rd8 Ke5 45. d7 Ke6 46. Kf2 Kd6
47. Kg3 Kc6 48. Kg4 Kd6 49. Kf5 Ke7 50. Kg6 h5 51. Kxg7 Ke6 52. Kf8 Kd6 53. Ke8
Kc6 54. Rc8+ Kb7 55. d8=Q Ka6 56. Qc7 b4 57. Ra8+ Kb5 58. Rc8 Ka4 59. Qc4 Kxa5
60. Rb8 h4 61. Qxb4+ Ka6 62. Qb6# 1-0

[Event "DSM WK M 2011"]
[Site "Karlsruhe GER"]
[Date "2011.05.13"]
[Round "3"]
[White "Kipp, Emma"]
[Black "Hellmann, Stella"]
[Result "0-1"]
[Termination "normal"]
[Board "8.4"]
[WhiteElo "800"]
[BlackElo "800"]
[WhiteTeam "Goethe-Gymnasium Karlsruhe"]
[BlackTeam "Gymnasium Carolinum Osnabrück"]
[PlyCount "66"]
[EventCountry "GER"]
[EventRounds "7"]
[EventType "team-swiss"]
[EventDate "2011.05.12"]

1. e4 g6 2. Bb5 Nf6 3. Nc3 e5 4. Nf3 Bb4 5. a3 Bxc3 6. dxc3 O-O 7. O-O d6 8.
Bg5 a6 9. Bc4 Be6 10. Bd3 Nc6 11. Bxf6 Qxf6 12. Qd2 d5 13. Nd4 exd4 14. cxd4
dxe4 15. Bxe4 Nxd4 16. Rad1 Rad8 17. c3 Nb5 18. Qc2 Rxd1 19. Rxd1 Nd6 20. Bf3
h5 21. Rd4 Nb5 22. Rd3 Bf5 23. Be4 Bxe4 24. a4 Bxd3 25. Qxd3 Nd6 26. h3 b5 27.
a5 Nc4 28. b4 Rd8 29. Qe4 Nd6 30. Qc6 h4 31. Qxc7 Nc4 32. Qa7 Rd1+ 33. Kh2 Qe5+
0-1

[Event "DSM WK M 2011"]
[Site "Karlsruhe GER"]
[Date "2011.05.13"]
[Round "3"]
[White "Holzapfel, Nanne"]
[Black "König, Isabel"]
[Result "0-1"]
[Termination "normal"]
[Board "9.1"]
[WhiteElo "800"]
[BlackElo "910"]
[WhiteTeam "Benjamin-Schule Remplin"]
[BlackTeam "Gymnasium Altenholz"]
[PlyCount "54"]
[BlackFideId "16210000"]
[EventCountry "GER"]
[EventRounds "7"]
[EventType "team-swiss"]
[EventDate "2011.05.12"]

1. e4 c5 2. Nf3 e6 3. Nc3 d6 4. Bc4 Nf6 5. O-O Nbd7 6. Re1 Be7 7. Bb5 a6 8.
Bxd7+ Qxd7 9. d3 O-O 10. Bf4 b5 11. b3 Bb7 12. a4 h6 13. axb5 axb5 14. Rxa8
Rxa8 15. e5 Ng4 16. exd6 Bxd6 17. Bxd6 Qxd6 18. Ne4 Qc7 19. c4 bxc4 20. dxc4
Rd8 21. Qc2 f5 22. Ned2 e5 23. Qxf5 Bxf3 24. Qxf3 Rxd2 25. Qxg4 Rb2 26. Re3
Rb1+ 27. Re1 Rxe1# 0-1

[Event "DSM WK M 2011"]
[Site "Karlsruhe GER"]
[Date "2011.05.13"]
[Round "3"]
[White "Caliebe, Frauke"]
[Black "Holzapfel, Nele"]
[Result "1-0"]
[Termination "normal"]
[Board "9.2"]
[WhiteElo "837"]
[BlackElo "800"]
[WhiteTeam "Gymnasium Altenholz"]
[BlackTeam "Benjamin-Schule Remplin"]
[PlyCount "77"]
[EventCountry "GER"]
[EventRounds "7"]
[EventType "team-swiss"]
[EventDate "2011.05.12"]

1. d4 d5 2. c4 dxc4 3. Nc3 Nc6 4. Nf3 Nf6 5. e4 e6 6. Bxc4 Bb4 7. Bg5 Na5 8.
Bd3 h6 9. Bh4 O-O 10. e5 Nd5 11. Bxd8 Rxd8 12. Rc1 Bd7 13. O-O a6 14. Nxd5 exd5
15. Rxc7 Ra7 16. a3 Be7 17. b4 Nc6 18. Nh4 Nxd4 19. Nf5 g6 20. Nxe7+ Kf8 21.
Nxd5 Nb5 22. Nf6 Nxc7 23. Qc1 a5 24. Qxh6+ Ke7 25. Nxd7 Rxd7 26. Bc2 axb4 27.
axb4 Rd5 28. Qg5+ Kd7 29. Rd1 Rxd1+ 30. Bxd1 Ra1 31. Qd2+ Ke6 32. f4 Nd5 33. g3
b5 34. Kf2 Ra4 35. Bxa4 bxa4 36. b5 a3 37. Kf3 Ne7 38. Qd6+ Kf5 39. g4# 1-0

[Event "DSM WK M 2011"]
[Site "Karlsruhe GER"]
[Date "2011.05.13"]
[Round "3"]
[White "Jörs, Pia-Milena"]
[Black "Caliebe, Nanke"]
[Result "0-1"]
[Termination "normal"]
[Board "9.3"]
[WhiteElo "800"]
[BlackElo "858"]
[WhiteTeam "Benjamin-Schule Remplin"]
[BlackTeam "Gymnasium Altenholz"]
[PlyCount "90"]
[WhiteFideId "12964646"]
[BlackFideId "12980528"]
[EventCountry "GER"]
[EventRounds "7"]
[EventType "team-swiss"]
[EventDate "2011.05.12"]

1. e4 c5 2. Nf3 e6 3. Nc3 d6 4. Bb5+ Nd7 5. d3 Ngf6 6. O-O Be7 7. Bg5 O-O 8.
Re1 a6 9. Ba4 b5 10. Bb3 Bb7 11. d4 c4 12. Bxc4 bxc4 13. Nd2 Qc7 14. Qe2 h6 15.
Bf4 e5 16. dxe5 dxe5 17. Bg3 Rab8 18. Nxc4 Rfd8 19. Rad1 Nb6 20. Bxe5 Qc6 21.
Bxb8 Rxb8 22. Na5 Qc7 23. Qf3 Qe5 24. Nb3 Bd6 25. Kf1 Qxh2 26. Qf5 a5 27. Nxa5
Ba6+ 28. Re2 Bxe2+ 29. Nxe2 Qh1+ 30. Ng1 Bh2 31. Ke2 Bxg1 32. Qh3 Qxh3 33. gxh3
Bh2 34. Nc6 Re8 35. Kf3 Rxe4 36. Nd4 Nbd5 37. Kg2 Bc7 38. Nb5 Be5 39. f3 Ne3+
40. Kf2 Nxd1+ 41. Kf1 Re3 42. Kg2 Re2+ 43. Kf1 Rh2 44. Ke1 Ne3 45. Nc3 Bg3# 0-1

[Event "DSM WK M 2011"]
[Site "Karlsruhe GER"]
[Date "2011.05.13"]
[Round "3"]
[White "Morsch, Rebecca"]
[Black "Schubert, Lea Sophie"]
[Result "1-0"]
[Termination "normal"]
[Board "9.4"]
[WhiteElo "800"]
[BlackElo "800"]
[WhiteTeam "Gymnasium Altenholz"]
[BlackTeam "Benjamin-Schule Remplin"]
[PlyCount "47"]
[EventCountry "GER"]
[EventRounds "7"]
[EventType "team-swiss"]
[EventDate "2011.05.12"]

1. e4 e5 2. Nf3 Nc6 3. d3 Nf6 4. Bg5 h6 5. Be3 Nb4 6. c3 Ng4 7. cxb4 Nxe3 8.
fxe3 Bxb4+ 9. Nbd2 g5 10. Nxe5 g4 11. Nxg4 Qh4+ 12. g3 Qh5 13. Qf3 d6 14. Be2
Rg8 15. Rf1 d5 16. exd5 f5 17. Nf6+ Kf8 18. Qxh5 Rg5 19. Qxh6+ Rg7 20. Bh5 f4
21. Rxf4 c6 22. Re4 a5 23. Qh8+ Rg8 24. Qxg8# 1-0